| 000 | 00438nam a2200181Ia 4500 | ||
|---|---|---|---|
| 008 | 230524s9999 xx 000 0 und d | ||
| 020 | _a9789384559151 | ||
| 082 |
_a628 _bBIR |
||
| 100 | _aG.S.Birdie | ||
| 245 | 0 | _aWater Supply & Sanitary Engineering | |
| 250 | _a1 | ||
| 260 |
_aNew Delhi _bDhanpat Rai _c2014 |
||
| 300 | _a"ix,1033p;" | ||
| 500 | _aQuantity Number: 41 | ||
| 650 | _aCivil | ||
| 700 | _aJ.S.Birdie | ||
| 942 | _cBK | ||
| 999 |
_c55672 _d55672 |
||